00756nam a2200205Ia 4500003000900000008004100009020002200050040001600072080002200088100002600110245009200136260002800228300001400256650004100270650004100311650003600352942000700388999001700395952013800412IN-BaIIA211028s9999 xx 000 0 eng d a978-0-7506-7161-3 cIIA Library a621.391(035)bCAR aCarr, Joseph J930761 0aPractical radio frequency test and measurementba technician's handbookcJoseph J. Carr aAmsterdambNewnesc2009 aix, 348p. aMeasuring frequency-Handbooks935539 aMeasuring inductors-Handbooks935540 aRado frequency-Handbooks935541 cBK c18500d18500 00104070aBANbGAUcGENd2013-01-22eBBI g4414.93l0o621.391(035)/ CARp19422r2021-11-05v4414.93w2013-01-22yBKGRs. 4414.93